Musical Theatre Composer and Date - Statistics

General Stats
  • This quiz has been taken 38 times
  • The average score is 22 of 39
Answer Stats
Hint Answer % Correct
Sunday in the Park with George SS 1984
87%
Company SS 1970
80%
Godspell SS 1970
80%
Jesus Christ Superstar ALW 1971
73%
Cats ALW 1981
73%
Starlight Express ALW 1984
73%
Follies SS 1971
73%
A Little Night Music SS 1973
73%
Sweeney Todd SS 1979
73%
Evita ALW 1976
67%
Candide LB 1956
67%
Pippin SS 1972
67%
Into the Woods SS 1986
67%
Joseph and the Technicolour Dreamcoat ALW 1968
60%
The Phantom of the Opera ALW 1986
60%
The Baker's Wife SS 1976
60%
Wicked SS 2003
60%
Sunset Boulevard ALW 1993
53%
School of Rock ALW 2015
53%
On the Town LB 1944
53%
Peter Pan LB 1950
53%
Wonderful Town LB 1953
53%
Oklahoma RR 1943
53%
Carousel RR 1945
53%
South Pacific RR 1949
53%
The King and I RR 1951
53%
Cinderella RR 1957
53%
Whistle Down the Wind ALW 1996
47%
Babes in Arms RR 1937
47%
Pal Joey RR 1940
47%
The Sound of Music RR 1959
47%
Les Miserables CMS 1980
40%
Miss Saigon CMS 1989
40%
West Side Story LB SS 1957
40%
Gypsy SS 1959
40%
La Revolution Franchise CMS 1973
33%
Martin Guerre CMS 1996
33%
The Pirate Queen CMS 2006
27%
Marguerite CMS 2008
27%
No matching quizzes found
Score Distribution
Percent of People with Each Score
Percentile by Number Answered
Your Score History
You have not taken this quiz